000 00592nam a22001817a 4500
010 _aENG-138347
020 _a9788119403059
_c1095.00
035 _aEN-121879
037 _bDBAD/PUB
082 _a346.5403
100 _aSapre, Akshay
_958602
245 _aRatanlal & Dhirajlal: The law of Torts/
_cby Akshay Sapre
_hEnglish
260 _aHaryana
_bLexis Nexis
_c2023
270 _a14th floor,Building No 10,Tower-B Cyber City,Phase-II,
_bHaryana
_k1244774444
_l1244774100
300 _accxxi,880p.
_c25cm(pbk)
760 _b29th Ed
942 _2ddc
_cEN
_e29
_h346.5403
_mSAP
999 _c199069
_d199069